| 000 | 01880nam a2200337 i 4500 | ||
|---|---|---|---|
| 001 | 768714001 | ||
| 003 | CO-MdFUSB | ||
| 005 | 20240626104741.0 | ||
| 007 | ta | ||
| 008 | 230418t2001 -usaoc|| |||| 00| 0 eng d | ||
| 020 | _a9781841270708 | ||
| 040 |
_aCO-MdFUSB _bspa _cCO-MdFUSB _dCO-MdFUSBC _erda |
||
| 041 | _aeng | ||
| 082 |
_223 _a225.1 _bM645 |
||
| 100 |
_aMillard, Alan, _eautor |
||
| 245 |
_aReading and writing in the time of Jesus _c/ Alan Ralph Millard |
||
| 264 | 1 |
_aSheffield, England : _bSheffield Academic Press, _c[2001] |
|
| 264 | 4 | _c© 2001 | |
| 300 |
_a288 páginas _c; 24 cm |
||
| 336 |
_2rdacontent _atexto _btxt |
||
| 337 |
_2rdamedia _asin mediación _bn |
||
| 338 |
_2rdacarrier _avolumen _bnc |
||
| 490 | _aThe Biblical Seminar | ||
| 505 | _aLibros antiguos y su supervivencia. -- Manuscritos cristianos primitivos. -- La forma del libro: página versus rollo. -- Escribir en la Palestina herodiana. -- Una sociedad políglota. -- ¿Quién leyó y quién escribió? -- ¿Tradición oral o informes escritos? -- La escritura y los evangelios. | ||
| 520 | _a"Leer y escribir en el tiempo de Jesús primero ofrece una breve introducción a la historia de la supervivencia temprana de la escritura, cómo tenemos los documentos que tenemos y qué nos pueden decir sobre los tiempos y lugares de sus orígenes. Esta descripción es seguido de una mirada más específica a qué escritos bíblicos y religiosos sobreviven, cómo están fechados y quién podía leer y escribir en el momento de su creación.Finalmente, Millard examina la posibilidad de que las palabras y acciones de Jesús se escribieran. durante su vida y lo que esto significaría para el estudio del cristianismo y los orígenes de los Evangelios". | ||
| 563 | _aRústico | ||
| 630 | 0 | 7 |
_aBiblia. _pEvangelios |
| 942 | _cBK | ||
| 945 | _aJTF-925 | ||
| 999 |
_c68740 _d68740 |
||